| 000 | 00659nam a2200217 a 4500 | ||
|---|---|---|---|
| 001 | 000014438 | ||
| 005 | 20200929163842.0 | ||
| 008 | 091214s1992 sp 000 f spa d | ||
| 020 | _a8423321444 | ||
| 040 |
_aDO-SdBNP _bspa _cBNPHU |
||
| 082 |
_a863.64 _bF211d |
||
| 100 | 1 |
_aFaner, Pau, _d1949- _923425 |
|
| 245 | 1 | 3 |
_aLa dama de la media almendra : _bLa isla de los hombres / _cPau Faner. |
| 260 |
_aBarcelona : _bDestino, _c1992. |
||
| 300 |
_a133 p. : _bil. ; _c24 cm. |
||
| 490 | 1 |
_aPequeño delfín _v4 |
|
| 650 | 4 |
_aNovela española _91123 |
|
| 650 | 4 |
_aLiteratura española _ySIGLO XX _93326 |
|
| 830 | 0 |
_aPequeño delfín ; _v4 _932572 |
|
| 049 | _aBNGR | ||
| 999 |
_c14028 _d14028 |
||